| 000 | 00364nam a2200133Ia 4500 | ||
|---|---|---|---|
| 005 | 20260328104300.0 | ||
| 008 | 260328s9999||||xx |||||||||||||| ||und|| | ||
| 100 | _aPotestad, Misha de | ||
| 245 | 0 |
_aVintage Industrial : _b Living with Machine Age Design / _cMisha de Potestad |
|
| 260 | _bRizzoli | ||
| 300 | _a223 p. | ||
| 650 | _aDISEÑO INDUSTRIAL | ||
| 942 | _cBK | ||
| 999 |
_c10580 _d10580 |
||